Spironolakton oldékonyságának növelése szilárd oldatok készítésével I. oldószeres eljárással készített termékek vizsgálata /

Elmentve itt :
Bibliográfiai részletek
Szerzők: Kata Mihály
Györgyné Vágó Magdolna
Kedvessy György
Dokumentumtípus: Cikk
Megjelent: 1984
Sorozat:ACTA PHARMACEUTICA HUNGARICA 54 No. 5
Tárgyszavak:
mtmt:2529359
Online Access:http://publicatio.bibl.u-szeged.hu/33177
LEADER 00858nab a2200229 i 4500
001 publ33177
005 20250522110149.0
008 250522s1984 hu o 000 hun d
022 |a 0001-6659 
024 7 |a 2529359  |2 mtmt 
040 |a SZTE Publicatio Repozitórium  |b hun 
041 |a hun 
100 1 |a Kata Mihály 
245 1 0 |a Spironolakton oldékonyságának növelése szilárd oldatok készítésével   |h [elektronikus dokumentum] :  |b I. oldószeres eljárással készített termékek vizsgálata /  |c  Kata Mihály 
260 |c 1984 
300 |a 210-215 
490 0 |a ACTA PHARMACEUTICA HUNGARICA  |v 54 No. 5 
650 4 |a Természettudományok 
650 4 |a Általános orvostudomány 
700 0 1 |a Györgyné Vágó Magdolna  |e aut 
700 0 1 |a Kedvessy György  |e aut 
856 4 0 |u http://publicatio.bibl.u-szeged.hu/33177/1/aok_klny_553_84.pdf  |z Dokumentum-elérés